000 00431nam a2200169 a 4500
001 0000-9389
003 ELIB.Books
008 110520 1972
035 _a(ELIB.Books)0000-9541
082 _a269
_bRav
100 _aRavenhill, Leonard
245 _aWhy Revival Tarries
260 _bEngland; Send the Light Trust
_c1972
650 _aChristian Education
942 _2ddc
_cBK
998 _cbat
_e2011-05-20
999 _c9389
_d9389